000 00551nam a2200193Ia 4500
999 _c30021
_d30021
003 OSt
005 20210315130927.0
008 190216s9999||||xx |||||||||||||| ||und||
020 _a9788188016075
040 _coclc
082 _a894.812301
_bVAN/M
100 _aVanimel, Kunhikannan
_96946
245 0 _aManjukala Kathakal /
_cKunhikannan Vanimel
250 _a1st Ed.
260 _bLipi Publications,
_c2013.
_aKozhikode:
300 _a224p
650 _aStories
942 _cBK
_2ddc
_h894.812301
_iVAN/M
_k894.812301
_mVAN/M